Hyrule Warriors Costumes Quiz Stats

 Plays Quiz not verified by Sporcle

Challenge
Share
Tweet
Embed
Score 0/88 Timer 20:00
0 Plays Today
Character/How to Get/Based On Outfit % Correct
Link/Rewards MapGoron Tunic
62%
Link/Rewards MapZora Tunic
60.6%
Link/Beat the First MissionHero's Clothes
53.5%
Link/DLC-Hero of Hyrule PackDark Link
53.5%
Link/From the BeginningTrainee Tunic
45.1%
Link/DLC-Twilight Princess Pack/MailmanPostman
45.1%
Link/DLC-Courage Pack/Ocarina of TimeKokiri Tunic
43.7%
Link/DLC-Courage Pack/Twilight PrincessEra of Twilight Tunic
22.5%
Link/DLC-Courage Pack/Skyward SwordKnight of Skyloft
19.7%
Zelda/DLC-Twilight Princess/IliaIlia's Clothes
15.5%
Impa/NPCDark Impa
12.7%
Zelda/Unlock ZeldaStandard Robes
12.7%
Zelda/DLC-Wisdom Pack/Twilight PrincessEra of Twilight Robes
12.7%
Zelda/NPCDark Zelda
12.7%
Zelda/DLC-Wisdom Pack/Ocarina of TimeEra of the Hero of Time Robes
11.3%
Lana/NPCDark Lana
9.9%
Sheik/NPCDark Sheik
9.9%
Zelda/NPCZelda?
9.9%
Midna/NPCDark Midna
9.9%
Zelda/DLC-Wisdom Pack/Skyloft SwordSkyloft Robes
8.5%
Ganondorf/DLC-Power Pack/Twilight PrincessEra of Twilight Armor
8.5%
Zant/NPCDark Zant
8.5%
Cia/UpdateUnmasked Cia
8.5%
Link/DLC-Master Quest PackPurple Hero's Clothes
7%
Ruto/NPCDark Ruto
7%
Agitha/NPCDark Agitha
7%
Fi/NPCDark Fi
7%
Ghirahim/NPCDark Ghirahim
7%
Link/DLC-Twilight Princess PackYellow Hero's Clothes
5.6%
Lana/NPCLana?
5.6%
Character/How to Get/Based On Outfit % Correct
Lana/DLC-Master QuestGuardian of Time Lana
5.6%
Ganondorf/DLC-Power Rack/Ocarina of TimeEra of Hero of Time Armor
5.6%
Ganondorf/NPCDark Ganondorf
5.6%
Darunia/NPCDark Darunia
5.6%
Cia/UpdateHatless Cia
5.6%
Cia/DLC-Master QuestGuardian of Time Cia
5.6%
Cia/NPCDark Cia
5.6%
Wizzro/NPCDark Wizzro
5.6%
Impa/Unlock ImpaStandard Impa Clothes
4.2%
Lana/Unlock LanaStandard Lana Clothes
4.2%
Sheik/Unlock SheikStandard Sheik Clothes
4.2%
Fi/DLC-Master Quest/Fairy QueenFairy Fi Outfit
4.2%
Cia/UpdateMasked Cia
4.2%
Volga/NPCDark Volga
4.2%
Wizzro/DLC-Twilight Princess/FreezardsIce Wizzro Outfit
2.8%
Impa/DLC-Master Quest/Oracle SeriesOracle Impa Clothes
2.8%
Impa/DLC-Twilight Princess/Skyward SwordSkyward Impa Clothes
2.8%
Lana/DLC-Master Quest/CiaDark Lana Clothes
2.8%
Lana/DLC-Twilight Princess/LinkGreen Lana Clothes
2.8%
Sheik/DLC-Twilight Princess/ImpaImpa Sheik Clothes
2.8%
Sheik/DLC-Master QuestDark Sheik Clothes
2.8%
Zelda/DLC-Master Quest/HildaHilda Zelda Robes
2.8%
Zelda/DLC-Twilight Princess/A Link to the PastTo the Past Zelda Robes
2.8%
Ganondorf/Unlock GanondorfStandard Ganondorf Armor
2.8%
Ganondorf/DLC-Master Quest/Wind WakerWind Waker Ganondorf Armor
2.8%
Ganondorf/DLC-Twilight Princess/DemiseDemise Ganondorf Armor
2.8%
Darunia/Unlock DaruniaStandard Darunia Outfit
2.8%
Darunia/DLC-Master Quest/DarmaniDarmani Darunia Outfit
2.8%
Darunia/DLC-Twilight Princess/DarbusDarbus Darunia Outfit
2.8%
Ruto/Unlock RutoStandard Ruto Outfit
2.8%
Character/How to Get/Based On Outfit % Correct
Ruto/DLC-Master Quest/LuluLulu Ruto Outfit
2.8%
Agitha/Unlock AgithaStandard Agitha Outfit
2.8%
Agitha/DLC-Master QuestDark Agitha Outfit
2.8%
Agitha/DLC-Twilight Princess/Sweet LolitaSweet Agitha Outfit
2.8%
Midna/Unlock MidnaStandard Midna Outfit
2.8%
Midna/DLC-Master Quest/Shadow BeastShadow Midna Outfit
2.8%
Midna/DLC-Twilight PrincessYellow Midna Outfit
2.8%
Zant/Unlock ZantStandard Zant Outift
2.8%
Zant/DLC-Master Quest/Shadow BeastShadow Zant Outfit
2.8%
Zant/DLC-Twilight Princess/Phantom ZantPhantom Zant Outfit
2.8%
Fi/Unlock FiStandard Fi Outfit
2.8%
Ruto/DLC-Twilight Princess/Queen RutelaRutela Ruto Outfit
2.8%
Fi/DLC-Twilight Princess/Light SpiritsLight Fi Outfit
2.8%
Ghirahim/Unlock GhirahimStandard Ghirahim Outfit
2.8%
Ghirahim/DLC-Master Quest/DemiseDemise Ghirahim Outfit
2.8%
Ghirahim/DLC-Twilight Princess/Second FormSecond Ghriahim Outfit
2.8%
Cia/DLC-Master Quest/LinkGreen Masked Cia
2.8%
Cia/DLC-Master Quest/LinkGreen Unmasked Cia
2.8%
Cia/DLC-Master Quest/LinkGreen Hatless Cia
2.8%
Cia/DLC-Twilight Princess/LanaBlue Masked Cia
2.8%
Cia/DLC-Twilight Princess/LanaBlue Unmasked Cia
2.8%
Cia/DLC-Twilight Princess/LanaBlue Hatless Cia
2.8%
Volga/UpdateStandard Volga Outfit
2.8%
Volga/DLC-Master Quest/BarbaBarba Volga Outfit
2.8%
Volga/DLC-Twilight Princess/Koei's Lu BuLu Bu Volga Outfit
2.8%
Wizzro/UpdateStandard Wizzro Outfit
2.8%
Wizzro/DLC-Master Quest/Blue WizzrobesBlue Wizzro Outfit
2.8%
Twili Midna/DLC-Twilight PrincessStandard Twili Midna Outfit
2.8%

You're not logged in!

Compare scores with friends on all Sporcle quizzes.
OR
Log In

You Might Also Like...

Show Comments

Extras

Created Dec 14, 2014ReportNominate
Tags:Legend of Zelda Quiz

Top Quizzes Today


Score Distribution

Your Account Isn't Verified!

In order to create a playlist on Sporcle, you need to verify the email address you used during registration. Go to your Sporcle Settings to finish the process.

Report this User

Report this user for behavior that violates our Community Guidelines.

Details: